| 000 | 00774nam a2200229 i 4500 | ||
|---|---|---|---|
| 001 | 18395 | ||
| 003 | ES-MaACL | ||
| 005 | 20251206063027.0 | ||
| 007 | t| | ||
| 008 | 011214s2001 sp ||||1| spa d | ||
| 020 | _a84-239-9929-7 | ||
| 080 | _a7.036 | ||
| 100 | 1 |
_aCabañas Bravo, Miguel, _d1963- _9173882 |
|
| 245 | 1 | 3 |
_aEl arte posicionado _b: pintura y escultura fuera de España desde 1929 / _cpor Miguel Cabañas Bravo. |
| 260 |
_aMadrid : _bEspasa Calpe, _c2001. |
||
| 300 |
_a510 p. : _bil. ; _c27 cm. |
||
| 490 | 1 |
_aSumma Artis : historia general del arte ; _v48 |
|
| 650 | 7 |
_aArte- _yS.XX _2 _9141916 |
|
| 830 | 0 |
_aSumma Artis : historia general del arte ; _v48 _9179647 |
|
| 852 |
_aES-MaACL _jJ-54 vol. XLVIII _bR.131080 |
||
| 999 |
_c18395 _d18395 |
||